Normal view MARC view

Entry Personal Name

Number of records used in: 1

001 - CONTROL NUMBER

  • control field: 9520

003 - CONTROL NUMBER IDENTIFIER

  • control field: DLC

005 - DATE AND TIME OF LATEST TRANSACTION

  • control field: 20230919131241.0

008 - FIXED-LENGTH DATA ELEMENTS

  • fixed length control field: 980213n| azannaabn |n aaa c

010 ## - LIBRARY OF CONGRESS CONTROL NUMBER

  • LC control number: nb 98016633

035 ## - SYSTEM CONTROL NUMBER

  • System control number: (OCoLC)oca04725056

040 ## - CATALOGING SOURCE

  • Original cataloging agency: Uk
  • Transcribing agency: Uk
  • Modifying agency: NjP
  • Modifying agency: DLC
  • Description conventions: rda
  • Modifying agency: DLC

046 ## - SPECIAL CODED DATES

  • Birth date: 1955
  • Source of date scheme: edtf

053 #0 - LC CLASSIFICATION NUMBER

  • Classification number element--single number or beginning number of span: PR6103.A7273

100 1# - HEADING--PERSONAL NAME

  • Personal name: Carr, Matthew,
  • Dates associated with a name: 1955-

670 ## - SOURCE DATA FOUND

  • Source citation: UkOxU record: My father's house, 1998:
  • Information found: t.p. (Matthew Carr) UkOxU data (hdg.: Carr, Matthew, 1955-)

670 ## - SOURCE DATA FOUND

  • Source citation: My father's house, 1998:
  • Information found: t.p. (Matthew Carr) jkt. (b. 1955 in London; writer, broadcaster)

670 ## - SOURCE DATA FOUND

  • Source citation: Bloggernews.net, Mar. 5, 2009
  • Information found: (Matthew Carr; writer, freelance journalist, and broadcaster; author of The infernal machine and an upcoming book titled Blood and faith about the expulsion of Muslims from 17th century Spain; 52 yrs. old [as of June 12, 2007]; b. in London, England, but spent childhood in the West Indies; returned to England and spent teenage years in Cambridge; since then has lived in various countries; spent the 90s living in Spain; currently lives in Derbyshire, England)

670 ## - SOURCE DATA FOUND

  • Source citation: Sherman's ghosts, 2015:
  • Information found: ECIP t.p. (Matthew Carr) galley (author of Blood and Faith, Fortress Europe, The Infernal Machine, and My Father's House; lives in Derbyshire, England)

670 ## - SOURCE DATA FOUND

  • Source citation: Amazon.com, viewed on 03-07-2016:
  • Information found: (Matthew Carr; Writer, a journalist, a blogger, and the author of several books of nonfiction, including Blood and Faith: The Purging of Muslim Spain. He has written for a variety of publications, including The New York Times, The Observer, The Guardian, and others. He lives in the United Kingdom with his family. The Devils of Cardona is Carr's first novel)

Powered by Koha